| 000 | 01304nam a2200325 i 4500 | ||
|---|---|---|---|
| 003 | EG-GICUC | ||
| 005 | 20260204072852.0 | ||
| 008 | 260119s1978 ua ||||fr|||| 00| 0 ara d | ||
| 040 |
_a EG-GICUC _bara _c EG-GICUC _d EG-GICUC _erda |
||
| 041 | 1 | _aara | |
| 082 | 0 | 4 |
_221 _a345.4391 _bع و |
| 092 | 0 | 4 | _221 |
| 099 | _aLaw1 07 345.4391 ع و 1978 | ||
| 100 | 0 |
_aساطع رسلان _eمترجم. |
|
| 245 | 1 | 0 |
_aعوائق و تدريب و تنمية العاملين بشكل فعال / _cترجمة ساطع رسلان |
| 264 | 1 |
_aالقاهرة: _bالمنظمة العريبة للعلوم الإدارية ، _c1978. |
|
| 300 |
_a135؛صفحة _c24 سم |
||
| 336 |
_2rda content _atext |
||
| 337 |
_2rda media _aComputer |
||
| 338 |
_2rda carrier _aOnline Resource |
||
| 490 |
_aسلسلة الفكر الإداري المعاصر _v37 |
||
| 504 | _a يشتمل على إرجاعات ببليوجرافية و ملاحق . | ||
| 546 | _aالنص أغلبه باللغة العربية بعض النصوص الإنجليزية والفرنسية | ||
| 650 | 1 |
_aالقانون الإداري _2qrmak |
|
| 650 | 1 | _aتصحيح أوضاع العاملين | |
| 651 | 1 | _2qrmak | |
| 856 | 4 | 0 | _uhttps://fll.law.cu.edu.eg/fulltext/bks/B07-00044.pdf |
| 905 | _a74 | ||
| 942 |
_2ddc _n0 _cBK _e21 |
||
| 999 |
_c57950 _d57950 |
||